书目信息 |
| 题名: |
电气节能控制方法与实践
|
|
| 作者: | 姚福来 , 张艳芳 编著 | |
| 分册: | ||
| 出版信息: | 北京 中国电力出版社 2009.01 |
|
| 页数: | 340页 | |
| 开本: | 26cm | |
| 丛书名: | ||
| 单 册: | ||
| 中图分类: | TM92 | |
| 科图分类: | ||
| 主题词: | 电气设别--dian qi she bie--节能 | |
| 电子资源: | ||
| ISBN: | 978-7-5083-7729-2 | |
| 000 | 01126nam0 2200253 450 | |
| 001 | 012008649500 | |
| 005 | 20091015174812.48 | |
| 010 | @a978-7-5083-7729-2@dCNY45.00 | |
| 100 | @a20081112d2009 em y0chiy0120 ea | |
| 101 | 0 | @achi |
| 102 | @aCN@b110000 | |
| 105 | @aa z 000yy | |
| 106 | @ar | |
| 200 | 1 | @a电气节能控制方法与实践@Adian qi jie neng kong zhi fang fa yu shi jian@d= Electrical energy-saving control methods and practices@f姚福来, 张艳芳编著@Fyao fu lai,zhang yan fang bian zhu@zeng |
| 210 | @a北京@c中国电力出版社@d2009.01 | |
| 215 | @a340页@c图@d26cm | |
| 330 | @a本书对水泵、风机、电动机、变压器、无功补偿、无负压供水、优化调度、高压电动机的降压改造,变频器、注塑机、照明等节能领域的有关节能措施和节能判别准则进行了深入浅出的分析和讲解,并给出了如何使用变频器、PLC、触摸屏和组态软件量化实施节能工程的方法。 | |
| 510 | 1 | @aElectrical energy-saving control methods and practices@zeng |
| 606 | 0 | @a电气设别@Adian qi she bie@x节能 |
| 690 | @aTM92@v4 | |
| 701 | 0 | @a姚福来@Ayao fu lai@4编著 |
| 701 | 0 | @a张艳芳@Azhang yan fang@4编著 |
| 801 | 0 | @aCN@bQSSK@c20091015 |
| 905 | @b763027-29@dTM92@eY356@f3 | |
| 电气节能控制方法与实践= Electrical energy-saving control methods and practices/姚福来, 张艳芳编著.-北京:中国电力出版社,2009.01 |
| 340页:图;26cm |
| ISBN 978-7-5083-7729-2:CNY45.00 |
| 本书对水泵、风机、电动机、变压器、无功补偿、无负压供水、优化调度、高压电动机的降压改造,变频器、注塑机、照明等节能领域的有关节能措施和节能判别准则进行了深入浅出的分析和讲解,并给出了如何使用变频器、PLC、触摸屏和组态软件量化实施节能工程的方法。 |
| ● |
| 相关链接 |
|
|
|
正题名:电气节能控制方法与实践
索取号:TM92/Y356
 
预约/预借
| 序号 | 登录号 | 条形码 | 馆藏地/架位号 | 状态 | 备注 |
| 1 | 763027 | 207630278 | 自科二线404/404自科库 19排2列6层/ [索取号:TM92/Y356] | 在馆 | |
| 2 | 763028 | 207630287 | 自科库301/301自科库 20排3列4层/ [索取号:TM92/Y356] | 在馆 | |
| 3 | 763029 | 207630296 | 自科库301/301自科库 20排3列4层/ [索取号:TM92/Y356] | 在馆 |